SOHO na obežnej dráhe

Podrobná bibliografia
Hlavný autor: Rybanský, Milan, 1937- (Autor)
Médium: Článok
Jazyk:slovenčina
Fyzický popis:Fotogr. 3
ISSN:0323-049X
Predmet:

MARC

LEADER 00000nab a2200000 a 4500
001 vtls000575933
003 SK-MaSNL
005 20260304083714.0
008 250425c1996 xo 0 slo
015 |a SNBRB19rr/mm-uuuuu 
035 |a CL0576071 
035 |a urn:nbn:sk:snk-abevk 
035 |a (urnnbn)urn:nbn:sk:snk:ar-a04ym4 
035 |a (uuid)66acc5b4-1217-46ef-bfec-4b8ba8db8522 
040 |a SNKBUCL  |b slo  |c SNKBUCL  |e AACR2 
041 0 |a slo 
044 |a xo  |c SK 
080 |a 523.9:629.783  |2 1981 
080 |a 629.783  |2 1981 
080 |a 520.6.05  |2 1981 
100 1 |a Rybanský, Milan,  |d 1937-  |4 aut  |9 104322 
245 1 0 |a SOHO na obežnej dráhe  |c Milan Rybanský 
300 |b Fotogr. 3 
610 2 7 |a SOHO (družica)  |2 snkbucl  |9 1155142 
650 0 7 |a umelé družice  |2 snkbucl  |9 51067 
650 0 7 |a kozmický výskum  |2 snkbucl  |9 28861 
651 7 |a Slnko (hviezda)  |2 snkbucl  |9 56746 
655 7 |a články z novín a časopisov  |2 snkbucl  |9 267496 
773 0 |t Kozmos  |g Roč. 27, č. 1 (1996), s. 13  |x 0323-049X 
850 |a Slovenská národná knižnica 
852 |a Slovenská národná knižnica 
954 |a odborná, vedecká literatúra pôvodná (slovenská)  |2 lita 
958 |a article27 
958 |a RK 
958 |a OND 
958 |a EUIPO 
992 |a RBX 
999 |c 2801114  |d 2803044